Sociología de las relaciones industriales
Gorde:
| Egile nagusia: | |
|---|---|
| Formatua: | Liburua |
| Hizkuntza: | gaztelania |
| Argitaratua: |
Madrid
Trotta
1995
|
| Saila: | Estructuras y Procesos. Serie Ciencias Sociales
|
| Gaiak: | |
| Etiketak: |
Etiketa erantsi
Etiketarik gabe, Izan zaitez lehena erregistro honi etiketa jartzen!
|
MARC
| LEADER | 00000nam a2200000 a 4500 | ||
|---|---|---|---|
| 001 | UCO4850 | ||
| 003 | CL-VaPUC | ||
| 008 | 000818e19950000SP |||||||||||||||||spa|d | ||
| 082 | 0 | 4 | |a 301 |b MOR |2 21 |
| 100 | |a Morales Navarro, Julián |e autor |9 449522 | ||
| 245 | 1 | 0 | |a Sociología de las relaciones industriales |
| 300 | |a 204 p | ||
| 942 | |c BK | ||
| 945 | |d 20000818 00:00:00 |a rbrito | ||
| 260 | |a Madrid |b Trotta |c 1995 | ||
| 650 | 0 | |a Sociología |9 255410 | |
| 650 | 0 | |a Economía |9 255568 | |
| 650 | 0 | |a Trabajo |9 313876 | |
| 650 | 0 | |a Psicología social |9 222894 | |
| 650 | 0 | |a Tecnología |9 256742 | |
| 650 | 7 | |a SOCIOLOGIA INDUSTRIAL |2 CL-VaPUC |9 307184 | |
| 583 | |a last modification |c 20000818 00:00:00 |k Rodrigo Vera | ||
| 490 | 0 | |a Estructuras y Procesos. Serie Ciencias Sociales | |
| 999 | |c 290825 |d 290823 | ||
| 952 | |0 0 |1 0 |4 0 |6 301_000000000000000_MOR_1995 |7 0 |8 A |9 340429 |a BIBHIS |b BIBHIS |d 2019-11-20 |i 3632210 |o 301 MOR 1995 |p 3632210 |r 2025-01-20 |w 2019-11-20 |y BK |k HIS | ||